| 000 | 01552nam a2200421Ii 4500 | ||
|---|---|---|---|
| 001 | DIGICB0281 | ||
| 003 | NyNyDIG | ||
| 006 | m o d | ||
| 007 | cr ||||||||||| | ||
| 008 | 220816s2013 sp o 000 0 spa d | ||
| 035 | _a(OCoLC)1350506552 | ||
| 040 |
_aDGITA _beng _erda _epn _cDGITA |
||
| 020 |
_a9788490217788 _qpdf |
||
| 020 | _z9788490211502 | ||
| 050 | 1 | 4 | _aHV6626 ebook |
| 082 | 0 | 4 | _a362.8292 |
| 245 | 0 | 0 |
_aValoración integral y prevención de la violencia de género / _ccoordinadora de la obra, Paloma Ramos Ramos. |
| 250 | _a2a. edición. | ||
| 264 | 1 |
_aMálaga, España : _bICB Editores, _c[2013] |
|
| 300 | _a1 online resource. | ||
| 336 |
_atext _btxt _2rdacontent |
||
| 337 |
_acomputer _bc _2rdamedia |
||
| 338 |
_aonline resource _bcr _2rdacarrier |
||
| 347 |
_atext file _2rdaft |
||
| 347 | _bPDF | ||
| 500 | _a"Incluye solucionario"--Cover. | ||
| 588 | 0 | _aOnline resource; title from PDF title page (Digitalia, viewed August 16, 2022) | |
| 650 | 0 |
_aWomen _xAbuse of _xPrevention. |
|
| 650 | 0 | _aSex discrimination against women. | |
| 655 | 0 | _aElectronic books. | |
| 700 | 1 |
_aRamos Ramos, Paloma, _eeditor. |
|
| 791 | 2 |
_aDigitalia (Firm), _edistributor. |
|
| 793 | 0 |
_gDigitalia eBook Collection: _aICB Editores |
|
| 776 | 0 | 8 |
_iPrint version: _tValoración integral y prevención de la violencia de género. _dMálaga, España : ICB Editores, [2013] _z9788490211502 |
| 856 | 4 | 0 |
_3Digitalia Hispánica _uhttps://www.digitaliapublishing.com/a/109425/ |
| 910 | _aPremium collection: 2022 | ||
| 942 | _cRAA | ||
| 999 |
_c272022 _d272022 |
||